| 000 | 00575nam a22001931a 4500 | ||
|---|---|---|---|
| 003 | NEGST | ||
| 005 | 20110718132059.0 | ||
| 008 | 030618s 001 0 eng d | ||
| 020 | _a9231010751 | ||
| 100 | 1 | _aFurter, Pierre. | |
| 245 | 1 | 0 |
_aPossibilities and limitations of functional literacy : _bthe Iranian experiment / _cPierre Furter. _h[Text] |
| 260 |
_a[S.l.] _bUnesco |
||
| 300 | _a59p. | ||
| 440 | 0 |
_aEducational studies and documents ; _v9 |
|
| 500 | _aIncludes bibliography. | ||
| 590 | _aAccession number: 19816 | ||
| 650 | 0 |
_aLiteracy _xIran. |
|
| 999 |
_c35882 _d35882 |
||